Los dilemas del reasentamiento debates y experiencias de la mesa nacional de diálogos sobre reasentamiento de población (Registro nro. 183434)

Detalles MARC
000 -ENCABEZADO
Número de control [NR] 01128 a2200253 4500
005 - FECHA Y HORA DE LA ÚLTIMA TRANSACCIÓN
control field 20140903175006.0
008 - DE LONGITUD FIJA DE DATOS DE ELEMENTOS - INFORMACIÓN GENERAL
Elementos de longitud fija [NR] 131206s2011 ck ado fr|||| 00| 0 spa d
020 ## - NUMERO INTERNACIONAL NORMALIZADO PARA LIBROS [R]
Número Internacional Normalizado del libro [NR] 9789586956680
040 ## - FUENTE DE CATALOGACION [NR]
Agencia de catalogación original [NR] CO-BoUCM
Idioma de catalogación [NR] spa
Quien Cataloga Jose A. Gerena
Quien Clasifica Diana Londoño
041 00 - CODIGO DE IDIOMA [R]
Código de idioma para texto/pista de sonido o título separado [R] Español
245 04 - MENCION DE TITULO [NR]
Título [NR] Los dilemas del reasentamiento debates y experiencias de la mesa nacional de diálogos sobre reasentamiento de población
Mención de responsabilidad, etc. [NR] compilado por Margarita Serje y Stefano Anzellini
260 ## - PUBLICACION, DISTRIBUCION, ETC. (PIE DE IMPRENTA) [R]
Fecha de publicación, distribución, etc. [R] 2011
Nombre del editor, distribuidor, etc. [R] Uniandes
Lugar de publicación, distribución, etc. [R] Bogotá (Colombia)
300 ## - DESCRIPCION FISICA [R]
Extensión [R] 253 páginas
Otros detalles físicos [NR] ilustraciones, cuadros, gráficas, fotografías
504 ## - NOTA DE BIBLIOGRAFIA, ETC. [R]
Nota de bibliografía, etc. [NR] Incluye referencias bibliográficas
650 #7 - ASIENTO SECUNDARIO DE MATERIA - TERMINO TEMATICO [R]
Término temático o nombre geográfico como elemento de entrada [NR] Asentamientos urbanos
Subdivisión general [R] Investigaciones
Subdivisión geográfica [R] Colombia
9 (RLIN) 52769
650 #7 - ASIENTO SECUNDARIO DE MATERIA - TERMINO TEMATICO [R]
Término temático o nombre geográfico como elemento de entrada [NR] Urbanismo
Subdivisión general [R] Investigaciones
Subdivisión geográfica [R] Colombia
9 (RLIN) 52768
650 #7 - ASIENTO SECUNDARIO DE MATERIA - TERMINO TEMATICO [R]
Término temático o nombre geográfico como elemento de entrada [NR] Vivienda popular
Subdivisión general [R] Investigaciones
Subdivisión geográfica [R] Colombia
9 (RLIN) 52767
690 ## - ASUNTO AGREGADO LOCAL DE ENTRADA - TÉRMINO TEMÁTICO (OCLC, RLIN)
Acceso temático local Urbanismo
700 1# - ASIENTO SECUNDARIO - NOMBRE PERSONAL [R]
Nombre personal [NR] Anzellini, Stefano
Término de relación [R] compilador
9 (RLIN) 52426
700 1# - ASIENTO SECUNDARIO - NOMBRE PERSONAL [R]
Nombre personal [NR] Serje, Margarita
Término de relación [R] compilador
9 (RLIN) 52425
710 1# - ASIENTO SECUNDARIO - NOMBRE CORPORATIVO [R]
Nombre corporativo o de jurisdicción como elemento de entrada [NR] Universidad de los Andes
Unidad subordinada [R] Facultad de siencias sociales
9 (RLIN) 52427
942 ## - ELEMENTOS DE ENTRADA AGREGADOS (KOHA)
Tema principal Arte
Tipo de ítem principal el descrito en 300a Libro
Edición 1
Parte restante de la signatura top. D576
Sistema de clasificación DEWEY
Clasificación 728.1
Existencias
Fecha de último préstamo Total préstamos Signatura topográfica Código de barras Última vez visto Ejemplar Costo de reposición Price effective from Tipo de ítem Perdido Sistema de clasificación Dañado No prestable Tipo de ítem específico Suprimido Ubicación habitual Ubicación actual Localización Fecha de creación Proveedor Forma de adquisición Costo
12/05/2018 2 728.1 D576 100139052 06/12/2025 Ej.1 33750.00 14/11/2013 Libro   DEWEY     Libro   Claustro Claustro 2do piso 14/11/2013 35 Compra 33750.00